000 01222nmc a2200409 a 4500
003 AR-BaBNM
005 20251128203956.0
008 046019s1989 ||||||||||||||000 | spa||
020 _a84-7509-568-2
040 _cAR-BaBNM
100 1 _aFreire, Paulo
245 1 0 _aAlfabetización
_blectura de la palabra y lectura de la realidad
250 _a1ª ed.
260 _aBarcelona
_bPaidós
_c1989
300 0 _a176 p.
490 0 _aTemas de educación
_vv. 16
500 0 _aContiene referencias bibliográficas en p. 169
500 0 _aIndice análitico en p. 171
650 4 _aANALFABETISMO
650 4 _aEDUCADORES DE ADULTOS
650 4 _aALUMNOS ADULTOS
650 4 _aMOTIVACION DEL ALUMNO
650 4 _aALFABETIZACION
650 4 _aPROGRAMAS DE EDUCACION DE ADULTOS
650 4 _aMETODOS DE ALFABETIZACION
650 4 _aENSENANZA DE LA LECTURA
650 4 _aENSENANZA DE LA ESCRITURA
650 4 _aSOCIOLOGIA DE LA EDUCACION
650 4 _aEDUCACION COMPARADA
653 _aINNOVACIONES EDUCATIVAS
653 _aBIBLIOTECAS POPULARES
700 1 _aMacedo, Donaldo
700 1 _aHorvath, Silvia
_etraductor
700 1 _aGiroux, Henry A.
_eprologuista
942 _cBK
998 _cMARTIN
999 _c5672
_d5672